Rahsia Lubuk Antu

Bibliographic Details
Main Author: Zubaidah Yaacob
Format: Book
Published: Kuala Lumpur : DBP , 1994
Subjects:

MARC

LEADER 00000cam a2200000 7i4500
001 0000006698
002 000007221
005 20000330.0
020 |a 9836241108 
090 0 0 |a JF   |b ZUB 
100 0 |a Zubaidah Yaacob 
245 1 0 |a Rahsia Lubuk Antu   |c Zubaidah Yaacob ; ilustrasi oleh Tan Choon Wai 
260 |a Kuala Lumpur :   |b DBP ,   |c 1994 
300 |a 182p. ;   |c 18cm. 
650 0 0 |a Children's stories, Malay 
999 |a 039475   |b BUKU   |c JUNIOR FICTION   |e PERPUSTAKAAN KOMUNITI PETALING JAYA 
999 |a 039476   |b BUKU   |c PINJAMAN   |e PERPUSTAKAAN KOMUNITI PETALING JAYA